Problémy prognostického modelovania investícií v ekonomike Slovenska

Bibliographic Details
Main Authors: Sojka, Jozef (Author), Hatrák, Michal, 1939- (Author), Klučárová, Mária, 1938- (Author)
Format: Article
Language:Slovak
PhysicalDescription:Tb. 9. Res. rus., angl., lit. 4 zázn. v slov.
Subjects:

MARC

LEADER 00000nab a2200000 a 4500
001 vtls000258485
003 SK-MaSNL
005 20260304064120.0
008 250422c1986 xo 0 slo
015 |a SNBRB19rr/mm-uuuuu 
035 |a CL0268599 
035 |a urn:nbn:sk:snk-ab6qnu 
035 |a (uuid)327fe437-60d6-450c-bba7-cc8f19aaa8a7 
035 |a (urnnbn)urn:nbn:sk:snk:ar-a058yx 
035 |a (sysno)vtls000258485 
040 |a SNKBUCL  |b slo  |c SNKBUCL  |e AACR2 
041 0 |a slo 
044 |a xo  |c SK 
080 |a 519.866:338.27(437.6)  |2 1981 
080 |a 338.27(437.6)  |2 1981 
080 |a 330.322  |2 1981 
100 1 |a Sojka, Jozef  |4 aut  |9 279670 
245 1 0 |a Problémy prognostického modelovania investícií v ekonomike Slovenska  |c Jozef Sojka, Michal Hatrák, Mária Klučárová 
300 |b Tb. 9. Res. rus., angl., lit. 4 zázn. v slov. 
650 0 7 |a ekonomika  |2 snkbucl  |9 789 
650 0 7 |a prognózy  |2 snkbucl  |9 3871 
650 0 7 |a modelovanie  |2 snkbucl  |9 15732 
655 7 |a články z novín a časopisov  |2 snkbucl  |9 267496 
700 1 |a Hatrák, Michal,  |d 1939-  |4 aut  |9 38905 
700 1 |a Klučárová, Mária,  |d 1938-  |4 aut  |9 39506 
773 0 |t Ekonomický časopis  |g Roč. 34, č. 4 (1986), s. 299-318 
850 |a Slovenská národná knižnica 
852 |a Slovenská národná knižnica 
954 |a odborná, vedecká literatúra pôvodná (slovenská)  |2 lita 
958 |a article27 
958 |a RK 
958 |a OND 
958 |a EUIPO 
992 |a RBX 
999 |c 2745203  |d 2747133